| 000 | 00592nam a2200241Ia 4500 | ||
|---|---|---|---|
| 003 | OSt | ||
| 005 | 20220924125608.0 | ||
| 006 | a|||||r|||| 00| 0 | ||
| 007 | ta | ||
| 008 | PER | ||
| 024 | _a326450 | ||
| 037 | _cTextual | ||
| 040 |
_aARTS _cARTS _bPER |
||
| 041 |
_2PER _aPER |
||
| 082 | _aO164,1:g, J7 | ||
| 100 |
_aSafa Zabiullah Au. _9174302 |
||
| 245 | 0 | _aAaina-e-sukhan | |
| 260 |
_aTehran _bAmir Kabir Iran _c1957 |
||
| 300 |
_a58p. _ccm. |
||
| 650 | _aPERSIAN POETRY | ||
| 942 |
_hO164,1:g, J7 _cTEXL _2CC |
||
| 999 |
_c422998 _d422998 |
||